000 00439nam a2200181Ia 4500
001 10053
005 20260306161803.0
008 260306t2019||||xx |||||||||||||| ||spa||
041 _aESP
082 _aPE 869.57
_bR68H
100 _aRivera, Carlos
_eAUT
245 0 _aHasta que la muerte (o el amor) nos separe
260 _c2019
300 _a379 páginas :
_c21 cm.
650 _aGEN
654 _aCHU
942 _cLIB
_dJUS
_fJUS
_2ddc
_n
999 _c10053
_d10053